00648nam a2200169Ia 4500001001000000003000500010008004100015010001100056040000900067082002000076100002200096245012300118300001500241440001500256500013600271650007100407Para_8300CHAP220125s9999 xx 000 0 und d a206614 cCHAP aPA-C 595.752 A6 aHaviland, Maud D. aPreliminary note on the life history of lygocerus (Proctotrypidae), hyperparasite of aphidius /c by Maud D. Haviland a293-295 p. aAphidae; 9 aSobretiro de: Proceedings of the Cambridge Philosophical Society 1919, v.9, No. 6, 293-5. Encuadernado con otros impresos similares ax Afididos x Colecciones de escritos x Afididos x parásitos